000 00349nam a2200145Ia 4500
008 230312s9999||||xx |||||||||||||| ||und||
020 _a0-619-06301-7
082 _a004.6
_bDEA-N
100 _aGoldberg;David
245 0 _aGenetic Algorithims
260 _bThomson
_aAustralia
_c2002
300 _a948
650 _aComputer
_vComputer
942 _cBK
999 _c15481
_d15481